LEADER 01844nam a2200337 a 4500 001 000000170336 003 CaOOAMICUS 005 20181107120134.0 008 181107s2018 be ao u100 u eng r 020 $z 978-90-429-3597-6* 032 $aLibriCat 040 $aPUL$bita 041 0 $aeng$afre$agrc$heng 111 2 $aThe genesis of concepts and the confrontation of rationalities $d(2015 : Louvain-la-Neuve, Belgio).$0(OLS)http://pul/name/109588 245 14$aThe genesis of concepts and the confrontation of rationalities : $btheology, philosophy, science : Conference Proceedings, Louvain-la-Neuve, 7th-9th October 2015 / $cedited by Joseph Famerée, Paulo Rodrigues . 260 $aLeuven, Paris, Bristol :$bPeeters,$c2018. 300 $axiv, 245, 8 p. : $bill., foto ;$c25 cm. 490 1 $aBibliotheca Ephemeridum theologicarum Lovaniensium ;$v292 504 $aContiene riferimenti bibliografici e indice. 546 $aContributi in inglese e francese, passi in greco. 650 04$aFilosofia e teologia.$0(OLS)http://pul/subject/5704 700 1 $aFamerée, Joseph.$0(OLS)http://pul/name/5932 700 1 $aRodrigues, Paulo.$0(OLS)http://pul/name/102830 830 0$aBibliotheca Ephemeridum theologicarum Lovaniensium ;$v292.$0(OLS)http://pul/title/1445 850 $aPUL 852 $aPUL$W1$xSL Religione 1$y3$m17 A 292$j193231$qStampati$B198608$CPULBib$Z2$F198608 $H131498 $81 941 1 $a8 996 $6020$z 978-90-429-3597-6*$9(OLS)http://pul/number/165203 996 $6245$aThe genesis of concepts and the confrontation of rationalities : $btheology, philosophy, science : Conference Proceedings, Louvain-la-Neuve, 7th-9th October 2015 / $9(OLS)http://pul/title/211082 996 $6260$aLeuven, Paris, Bristol :$bPeeters$9(OLS)http://pul/publisher/83372 LEADER 01161nam a2200265 a 4500 001 000000176395 003 CaOOAMICUS 005 20231220103920.0 008 231220s2022 it frm z000 u fre r 032 $aLibriCat 040 $aPUL$bita 100 1 $aObeid, Charlotte.$0(OLS)http://pul/name/113338 245 13$aLe langage metaphorique dans le texte Hebreu de Ben Sira / $cCharlotte Obeid. 260 $aRoma :$b[s.n.],$c2022. 300 $a163 p. ;$c24 cm 502 $aEstratto della Tesi di Dottorato -- Pontificia Università Gregoriana -- Facoltà di Teologia, 2022. 504 $aBibliografia: p. [105]-153. 630 04$aBiblia.$pV.T.$pEcclesiasticus$xCommenti.$0(OLS)http://pul/subject/7154 710 2 $aPontificia Università Gregoriana.$bFacoltà di teologia.$kTesi.$0(OLS)http://pul/name/81592 850 $aPUL 852 $aPUL$W1$xDP1 Tesi Pon. Univ. Gregoriana$y40$m2022 B 32$j200464$qTesi$B205337$CPULBib$Z2$F205337 $82 941 1 $a16 996 $6245$aLe langage metaphorique dans le texte Hebreu de Ben Sira / $9(OLS)http://pul/title/217887 996 $6260$aRoma :$b[s.n.]$9(OLS)http://pul/publisher/47958